Development in hydrology
Gespeichert in:
| 1. Verfasser: | |
|---|---|
| Format: | Buch |
| Sprache: | Undetermined |
| Veröffentlicht: |
Dordrecht
Kluwer Academic
1999
|
| Schlagworte: | |
| Tags: |
Tag hinzufügen
Keine Tags, Fügen Sie den ersten Tag hinzu!
|
| Thư viện lưu trữ: | Trung tâm Học liệu Trường Đại học Cần Thơ |
|---|
| LEADER | 00557nam a2200169Ia 4500 | ||
|---|---|---|---|
| 001 | CTU_48896 | ||
| 008 | 210402s9999 xx 000 0 und d | ||
| 082 | |a 578.77 | ||
| 082 | |b D489/Vol.138 | ||
| 100 | |a Development in hydrology | ||
| 245 | 0 | |a Development in hydrology | |
| 245 | 0 | |c Development in hydrology; Biên tập, hiệu đính: H. J. Dumont | |
| 260 | |a Dordrecht | ||
| 260 | |b Kluwer Academic | ||
| 260 | |c 1999 | ||
| 650 | |a aquatic ecology,marine biotechnology,molecular ecology | ||
| 980 | |a Trung tâm Học liệu Trường Đại học Cần Thơ | ||